The prairie / (Record no. 1928)

MARC details
000 -LEADER
fixed length control field 00479nam a2200145 4500
001 - CONTROL NUMBER
control field 2405
005 - DATE AND TIME OF LATEST TRANSACTION
control field 20181127165102.0
100 00 - MAIN ENTRY--PERSONAL NAME
Personal name Cooper, James Fenimore.
245 00 - TITLE STATEMENT
Title The prairie /
Remainder of title
Statement of responsibility, etc. James Fenimore Cooper.
Medium
260 00 - PUBLICATION, DISTRIBUTION, ETC.
Place of publication, distribution, etc. New York :
Name of publisher, distributor, etc. Signet,
Date of publication, distribution, etc. 1964.
300 00 - PHYSICAL DESCRIPTION
Extent vii, 415 p.
500 00 - GENERAL NOTE
General note Includes bibliographical references.
600 ## - SUBJECT ADDED ENTRY--PERSONAL NAME
Personal name Bumppo, Natty (Fictitious character) --Fiction.
Numeration
Titles and other words associated with a name
Dates associated with a name
Relator term
Date of a work
Form subheading
Language of a work
Medium of performance for music
Number of part/section of a work
Arranged statement for music
Name of part/section of a work
Fuller form of name
Key for music
Version
Title of a work
Form subdivision
General subdivision
Chronological subdivision
Geographic subdivision
Source of heading or term
650 00 - SUBJECT ADDED ENTRY--TOPICAL TERM
Topical term or geographic name entry element Indians of North America --Fiction.
General subdivision
Holdings
Withdrawn status Lost status Source of classification or shelving scheme Damaged status Not for loan Collection code Home library Current library Shelving location Serial Enumeration / chronology Inventory number Total Checkouts Full call number Barcode Date last seen Price effective from Koha item type
    Dewey Decimal Classification     Main TEST RTC Library RTC Library Main opac 1523   813.3 COO 30001574 27/11/2018 27/11/2018 Main
Royal Thimphu College || All Right Reserved